BIBLIOTHÈQUE DE LA MAISON DU MEXIQUE

Logo 1 Logo 2

Saturnino Herrán y su obra (notice nᵒ 10734)

détails MARC
000 -Sello discográfico
campo de control de longitud fija 01004nam a2200349 4500
005 - Identificación de versión
campo de control 20251016082330.0
010 ## - Número Estándar Internacional de Libros (ISBN)
Número (ISBN) 968-36-1727-1
035 ## - Otros números de control del sistema
Número de control del sistema 3703
099 ## - fechas locales
Tipo de ítem Koha LIBRO
100 ## - Datos de procesamiento general
Datos de procesamiento general 20040213d1990 m y1spay5003 ba
105 ## - Campo de datos codificados: Material textual, monográfico
Datos codificados de monografía a 001zy
200 1# - Título y mención de responsabilidad
Título propio Saturnino Herrán y su obra
Designación general del material texto impreso
Primer mención de responsabilidad Manuel Toussaint
205 ## - Declaración de edición
Declaración de edición 2a ed facsimilar
210 ## - Publicación, distribución, etc.
Lugar de publicación, distribución, etc. México
Nombre del editor, distribuidor, etc. Universidad Nacional Autónoma de México, Instituto de Investigaciones Estéticas : Instituto Cultural de Aguascalientes : INBA
Fecha de publicación, distribución, etc. 1990
215 ## - Descripción física
Designación de material específico y extensión del ítem 36 p +59 h
Otras características físicas il.
Dimensiones 21 cm
318 ## - Nota de acción
Acción No se presta a domicilio
345 ## - Nota de información de adquisición
Fuente de adquisición/dirección de la suscripción [OBSOLETO] Donación
600 ## - Nombre personal usado como materia
Elemento de entrada Herrán
Parte del nombre distinta del elemento de entrada Saturnino
Fechas 1887-1918
Número Koha 1560
660 ## - Código de área geográfica
Código MX
676 ## - Clasificación Decimal Dewey
Número R759.72 T734s
700 ## - Nombre personal - Responsabilidad primaria
Elemento de entrada Toussaint y Ritter
Parte del nombre distinta del elemento de entrada Manuel
Fechas 1890-1955
Número Koha 1778
801 #0 - Fuente de origen
Agencia cm
900 ## -
-- 1/6415
900 ## -
-- 7100418177\130204
942 ## - ELEMENTOS DE ENTRADA SECUNDARIOS (KOHA)
Tipo de ítem Koha Livre

Pas d'exemplaire disponible.